Project management : Case studies

Zapisane w:
Opis bibliograficzny
1. autor:  Kerzner, Harold
Format: Sách
Język:Undetermined
Wydane:  John Wiley  2006
Hasła przedmiotowe:
Etykiety: Dodaj etykietę
Nie ma etykietki, Dołącz pierwszą etykiete!
Thư viện lưu trữ: Trung tâm Thư viện - Trường Đại học Công nghiệp TP. Hồ Chí Minh
LEADER 00478nam a2200157Ia 4500
001 UIH_04103
008 231011s9999 xx 000 0 und d
082 |a  658.404 
100 |a  Kerzner, Harold 
245 0 |a  Project management : Case studies 
245 0 |c  Kerzner, Harold 
260 |b  John Wiley 
260 |c  2006 
650 |a  Quản lý dự án;  
927 |a Sách 
980 |a Trung tâm Thư viện - Trường Đại học Công nghiệp TP. Hồ Chí Minh